विज्ञान मंजूषा; लोकोपयोगी विज्ञान सरोकार / (Record no. 199935)
[ view plain ]
| 000 -LEADER | |
|---|---|
| fixed length control field | 00816nam a22001817a 4500 |
| 005 - DATE AND TIME OF LATEST TRANSACTION | |
| control field | 20240101171701.0 |
| 010 ## - LCCN (DPL NO) | |
| LC control number | HIN-126639 |
| 020 ## - INTERNATIONAL STANDARD BOOK NUMBER | |
| International Standard Book Number | 9789380907949 |
| Terms of availability | 450.00 |
| 035 ## - SYSTEM CONTROL NUMBER | |
| System control number | HN-98985 |
| 037 ## - SOURCE OF ACQUISITION | |
| Source of stock number/acquisition | DBAD/PUB |
| 082 ## - DEWEY DECIMAL CLASSIFICATION NUMBER | |
| Classification number | 500 |
| 100 ## - MAIN ENTRY--PERSONAL NAME | |
| Personal name | शर्मा, ओउम प्रकाश |
| 245 ## - TITLE STATEMENT | |
| Title | विज्ञान मंजूषा; लोकोपयोगी विज्ञान सरोकार / |
| Statement of responsibility, etc | ओउम प्रकाश शर्मा और राम शरण दास |
| 260 ## - PUBLICATION, DISTRIBUTION, ETC. (IMPRINT) | |
| Place of publication, distribution, etc | जयपुर |
| Name of publisher, distributor, etc | राजस्थान प्रकाशन |
| Date of publication, distribution, etc | 2021 |
| 270 ## - ADDRESS | |
| Address | 28 त्रिपोलिया बाजार |
| City | जयपुर |
| 300 ## - PHYSICAL DESCRIPTION | |
| Extent | 200 पृ.; |
| Dimensions | 23 सेमी.(सजिल्द) |
| 942 ## - ADDED ENTRY ELEMENTS (KOHA) | |
| Source of classification or shelving scheme | Dewey Decimal Classification |
| Item type | Hindi Books |
| Classification part | 500 |
| Call number suffix | शर्माओ |
| Withdrawn status | Lost status | Not for loan | Collection code | Home library | Current library | Date acquired | Source of acquisition | Cost, normal purchase price | Full call number | Barcode | Copy number | Cost, replacement price | Koha item type |
|---|---|---|---|---|---|---|---|---|---|---|---|---|---|
| Non-fiction | Ashok Vihar | Ashok Vihar | 01/01/2024 | DBAD/PUB | 450.00 | 500 शर्माओ | HN-98985 | 1 | 450.00 | Hindi Books |
